| 000 | 00554nam a2200145 4500 | ||
|---|---|---|---|
| 999 |
_c121884 _d121884 |
||
| 005 | 20210408182045.0 | ||
| 008 | 210408b ||||| |||| 00| 0 eng d | ||
| 040 | _cPK-LaUMT | ||
| 082 |
_aRHC 892.71 _bABU-K |
||
| 100 | _aAbu al-Abbas Muhammad bin Yazeed = ابو العباس محمد بن یزید | ||
| 245 |
_aKitab ut taazi walmarasi = کتاب التعاذی والمراثی / _cby Abu al-Abbas Muhammad bin Yazeed = ابو العباس محمد بن یزید |
||
| 260 |
_aLahore : _bJameah Banjab, _c1984 |
||
| 300 | _a230 p. | ||
| 942 | _cBK | ||